[Event "Chigorin Memorial"]
[Site "St Petersburg"]
[Date "2016.10.17"]
[Round "3.167"]
[White "Babotin, Ivan"]
[Black "Smirnov, Dmitrii"]
[Result "1-0"]
[WhiteElo "1465"]
[BlackElo "1849"]
[PlyCount "65"]
[EventDate "2016.10.15"]
[EventType "swiss"]
[EventRounds "9"]
[EventCountry "RUS"]

1. e4 e5 2. Nf3 Nc6 3. Bb5 a6 4. Ba4 Nf6 5. O-O b5 6. Bb3 Be7 7. d3 d6 8. c3
O-O 9. Re1 Bb7 10. Nbd2 Re8 11. Nf1 h6 12. Ng3 Bf8 13. Bc2 Kh8 14. d4 exd4 15.
cxd4 Nb4 16. a3 Nxc2 17. Qxc2 c5 18. d5 Qb6 19. Be3 Qc7 20. Rac1 a5 21. b4 axb4
22. axb4 c4 23. Nd4 Ba6 24. f3 Nd7 25. Qc3 Ne5 26. Ra1 Nd3 27. Red1 Kg8 28.
Rxd3 Qd7 29. Rdd1 g6 30. Ra3 Bg7 31. Qc2 Bb7 32. Rda1 f5 33. Bf2 1-0

[Event "Chigorin Memorial"]
[Site "St Petersburg"]
[Date "2016.10.17"]
[Round "3.168"]
[White "Protasova, Anastasia"]
[Black "Grekhov, Luka"]
[Result "1-0"]
[WhiteElo "1847"]
[BlackElo "1600"]
[PlyCount "55"]
[EventDate "2016.10.15"]
[EventType "swiss"]
[EventRounds "9"]
[EventCountry "RUS"]

1. d4 d5 2. c4 c6 3. e3 Nf6 4. Nc3 e6 5. Nf3 Nbd7 6. Qc2 Bd6 7. Bd3 O-O 8. O-O
dxc4 9. Bxc4 e5 10. Rd1 Qc7 11. g3 exd4 12. Nxd4 Ne5 13. Be2 Bg4 14. Bxg4 Nexg4
15. Nf5 Bb4 16. h3 Ne5 17. Ne4 Nxe4 18. Qxe4 Ba5 19. b4 Bb6 20. Bb2 Rfe8 21.
Nd6 Re6 22. Bxe5 Qe7 23. Nf5 Qf8 24. Qf4 f6 25. Bd6 Qf7 26. Qc4 Rae8 27. Bc5
Bxc5 28. bxc5 1-0

[Event "Chigorin Memorial"]
[Site "St Petersburg"]
[Date "2016.10.17"]
[Round "3.169"]
[White "Terekhov, Dmitriy"]
[Black "Makeev, Konstantin"]
[Result "1-0"]
[WhiteElo "1844"]
[BlackElo "1525"]
[PlyCount "103"]
[EventDate "2016.10.15"]
[EventType "swiss"]
[EventRounds "9"]
[EventCountry "RUS"]

1. d4 Nf6 2. c4 g6 3. Nc3 Bg7 4. e4 d6 5. f3 Nc6 6. Be3 e5 7. d5 Ne7 8. Bd3 a6
9. Nge2 Bd7 10. Qd2 Qb8 11. O-O O-O 12. Bh6 Qc8 13. Bxg7 Kxg7 14. f4 h6 15.
fxe5 dxe5 16. Rxf6 Kxf6 17. Qxh6 Ng8 18. Rf1+ Ke7 19. Qg5+ f6 20. Qxg6 Qe8 21.
Qg3 Qh5 22. Qe3 Nh6 23. Ng3 Qg6 24. Qc5+ Kf7 25. Qxc7 Rad8 26. Qxb7 Rg8 27. c5
Ng4 28. Rf3 Qh6 29. h3 Ne3 30. Bf1 Nc2 31. c6 Ne1 32. Kf2 Nxf3 33. gxf3 Rxg3
34. Kxg3 Qe3 35. Bg2 Qg1 36. Qxd7+ Rxd7 37. cxd7 Ke7 38. Ne2 Qb1 39. h4 Qxb2
40. Ng1 Qxa2 41. Bh3 Qb3 42. Be6 Qb8 43. f4 exf4+ 44. Kg4 a5 45. Nf3 a4 46. Nd4
Kd6 47. Nc6 Qc7 48. d8=Q+ Qxd8 49. Nxd8 a3 50. Nf7+ Ke7 51. Kf5 f3 52. d6+ 1-0

[Event "Chigorin Memorial"]
[Site "St Petersburg"]
[Date "2016.10.17"]
[Round "3.170"]
[White "Petrov, Maksim"]
[Black "Fridman, Grigory"]
[Result "0-1"]
[WhiteElo "1367"]
[BlackElo "1840"]
[PlyCount "68"]
[EventDate "2016.10.15"]
[EventType "swiss"]
[EventRounds "9"]
[EventCountry "RUS"]

1. e4 e6 2. d4 d5 3. Nc3 Nf6 4. e5 Nfd7 5. Nce2 c5 6. c3 Nc6 7. Nf3 cxd4 8.
cxd4 Qb6 9. h4 f6 10. exf6 Nxf6 11. g3 Bb4+ 12. Bd2 O-O 13. Bxb4 Qxb4+ 14. Nc3
Qxb2 15. Qc1 Qxc1+ 16. Rxc1 Ne4 17. Bg2 Nxc3 18. Rxc3 Bd7 19. O-O Rac8 20. Rb1
Nxd4 21. Rxc8 Nxf3+ 22. Bxf3 Bxc8 23. Bg4 Re8 24. Rc1 Bd7 25. Bh5 g6 26. Rc7
Bc6 27. Be2 d4 28. Ba6 Bd5 29. Bxb7 d3 30. Ba6 d2 31. Be2 Rb8 32. Kh2 Rb1 33.
g4 Re1 34. Rc8+ Kg7 0-1

[Event "Chigorin Memorial"]
[Site "St Petersburg"]
[Date "2016.10.17"]
[Round "3.171"]
[White "Pilchin, Uri"]
[Black "Akhmetshin, Aydar"]
[Result "0-1"]
[WhiteElo "1839"]
[BlackElo "1517"]
[PlyCount "126"]
[EventDate "2016.10.15"]
[EventType "swiss"]
[EventRounds "9"]
[EventCountry "RUS"]

1. d4 Nf6 2. c4 c5 3. d5 b5 4. cxb5 a6 5. bxa6 g6 6. Nc3 Bxa6 7. f4 d6 8. Nf3
Bg7 9. e4 Bxf1 10. Rxf1 O-O 11. Kf2 Nbd7 12. Kg1 Nb6 13. Qe2 Qc8 14. Rd1 Qb7
15. Bd2 Ne8 16. Be1 Na4 17. Nxa4 Rxa4 18. Bc3 Nf6 19. Nd2 Rfa8 20. a3 Nh5 21.
Bxg7 Kxg7 22. Rab1 Nxf4 23. Qf3 Nh5 24. Rf1 Rf8 25. Qc3+ Kg8 26. b4 Qa7 27.
bxc5 Rxa3 28. Nb3 dxc5 29. Qxc5 Qxc5+ 30. Nxc5 Rc3 31. Nd7 Rd8 32. Ne5 Rf8 33.
Nc6 e6 34. Ne7+ Kg7 35. d6 Nf6 36. e5 Nd7 37. Rb5 Rc5 38. Rxc5 Nxc5 39. Rc1 Nd3
40. Rc8 Nxe5 41. Rc5 Kf6 42. Kf1 Rd8 43. Nc8 Ng4 44. h3 Ne3+ 45. Ke2 Nf5 46.
Rc7 Nxd6 47. Nb6 Kg5 48. Nd7 h5 49. Ne5 Kf6 50. Nd7+ Kf5 51. Rc5+ Kf4 52. Ne5
Ra8 53. Nf3 Ra2+ 54. Kf1 Nf5 55. Rc4+ Kg3 56. Rc3 Rf2+ 57. Kg1 Rxg2+ 58. Kh1
Ra2 59. Ng5+ Kf2 60. Nxf7 Ra1+ 61. Kh2 Ne3 62. Ng5 Nf1+ 63. Kh1 Ng3+ 0-1

[Event "Chigorin Memorial"]
[Site "St Petersburg"]
[Date "2016.10.17"]
[Round "3.172"]
[White "Moshkov, Vyacheslav"]
[Black "Moskaleva, Arina"]
[Result "0-1"]
[WhiteElo "1826"]
[BlackElo "1479"]
[PlyCount "122"]
[EventDate "2016.10.15"]
[EventType "swiss"]
[EventRounds "9"]
[EventCountry "RUS"]

1. e4 c5 2. Nf3 d6 3. d4 cxd4 4. Nxd4 Nf6 5. Nc3 a6 6. Be3 e6 7. Be2 Be7 8. O-O
O-O 9. a4 Nbd7 10. Nb3 b6 11. f4 Bb7 12. Bf3 Qc7 13. Qe2 Rac8 14. Kh1 Rfd8 15.
Rad1 Qb8 16. Bf2 Qa8 17. Bg3 Nb8 18. Rd2 Nc6 19. e5 dxe5 20. fxe5 Nd7 21. Bh5
g6 22. Bf3 Qb8 23. h4 Nc5 24. Nxc5 Bxc5 25. Ne4 Nd4 26. Qf2 Bxe4 27. Bxe4 Nf5
28. Rxd8+ Rxd8 29. Qf3 Nxg3+ 30. Qxg3 Bd4 31. Qf3 Rf8 32. h5 Bxe5 33. Qb3 Qd6
34. c3 Bf4 35. hxg6 hxg6 36. Rd1 Qe5 37. Bf3 Qg5 38. Kg1 Kg7 39. Rd3 Qc5+ 40.
Kf1 Bg3 41. Qc2 Rh8 42. Rd4 Qe5 43. Qe4 Rh1+ 44. Ke2 Re1+ 45. Kd3 Rxe4 46. Rxe4
Qd5+ 47. Kc2 Qc5 48. b4 Qd5 49. Kb2 Qd2+ 50. Kb3 Be1 51. Rc4 Qc1 52. Rc6 Bd2
53. b5 axb5 54. axb5 Qb1+ 55. Kc4 Qb2 56. Kd3 Be1 57. Kd4 Qxb5 58. c4 Bf2+ 59.
Kc3 Qe5+ 60. Kd3 Qe3+ 61. Kc2 Qd4 0-1

[Event "Chigorin Memorial"]
[Site "St Petersburg"]
[Date "2016.10.17"]
[Round "3.173"]
[White "Khlopushin, Dmitriy"]
[Black "Bulsoev, Alexander"]
[Result "1-0"]
[WhiteElo "1824"]
[BlackElo "1462"]
[PlyCount "63"]
[EventDate "2016.10.15"]
[EventType "swiss"]
[EventRounds "9"]
[EventCountry "RUS"]

1. e4 e5 2. Nf3 Nc6 3. Bc4 Bc5 4. c3 Nf6 5. d3 h6 6. O-O O-O 7. Nbd2 d6 8. Re1
Ng4 9. Re2 Be6 10. Bb3 Qd7 11. Nf1 f5 12. d4 fxe4 13. Rxe4 Bb6 14. Rxg4 d5 15.
Rg3 e4 16. Nh4 Kh7 17. Be3 Ne7 18. Bc2 Nf5 19. Nxf5 Bxf5 20. Qh5 Rf6 21. Bg5
Rg6 22. Ne3 c6 23. Bxh6 gxh6 24. Nxf5 Rag8 25. f3 Bc7 26. Rxg6 Rxg6 27. fxe4
Qe8 28. Ng3 Bxg3 29. hxg3 dxe4 30. Re1 Re6 31. Qxe8 Rxe8 32. Rxe4 1-0

[Event "Chigorin Memorial"]
[Site "St Petersburg"]
[Date "2016.10.17"]
[Round "3.174"]
[White "Kudin, Alexander"]
[Black "Atovmian, Artem"]
[Result "0-1"]
[WhiteElo "1313"]
[BlackElo "1823"]
[PlyCount "70"]
[EventDate "2016.10.15"]
[EventType "swiss"]
[EventRounds "9"]
[EventCountry "RUS"]

1. e4 c6 2. d4 d5 3. exd5 cxd5 4. c4 Nf6 5. Nf3 Nc6 6. Nc3 Bg4 7. cxd5 Nxd5 8.
Bb5 Nxc3 9. bxc3 e6 10. Bxc6+ bxc6 11. Be3 Bd6 12. O-O O-O 13. c4 Qc7 14. h3
Bh5 15. c5 Be7 16. g4 Bg6 17. Ne5 Rfd8 18. Nxg6 hxg6 19. Qc2 Rd5 20. Rad1 Rad8
21. Qa4 Qd7 22. Rc1 Bf6 23. Rfd1 e5 24. Rc4 exd4 25. Bxd4 Bxd4 26. Rcxd4 Rxd4
27. Rxd4 Qxd4 28. Qxc6 Qd1+ 29. Kh2 Qd5 30. Qc7 Qd7 31. Qa5 Rc8 32. Kg1 Qc7 33.
Qa4 Qxc5 34. Qd7 Qc1+ 35. Kh2 Qc7+ 0-1

[Event "Chigorin Memorial"]
[Site "St Petersburg"]
[Date "2016.10.17"]
[Round "3.175"]
[White "Burdin, Daniil"]
[Black "Mushak, Alexander"]
[Result "0-1"]
[WhiteElo "1243"]
[BlackElo "1818"]
[PlyCount "152"]
[EventDate "2016.10.15"]
[EventType "swiss"]
[EventRounds "9"]
[EventCountry "RUS"]

1. e4 g6 2. d4 Bg7 3. e5 d6 4. f4 dxe5 5. fxe5 Be6 6. Nf3 c5 7. c3 a6 8. Be2
Nh6 9. O-O O-O 10. b3 cxd4 11. cxd4 Nc6 12. Bb2 Nf5 13. Qd3 Qb6 14. Rd1 Rad8
15. Na3 Nxe5 16. Nxe5 Bxe5 17. Nc2 Rd7 18. Rd2 Rfd8 19. Rad1 Bxd4+ 20. Nxd4
Nxd4 21. Kh1 Nxe2 22. Qxe2 Rxd2 23. Rxd2 Rxd2 24. Qxd2 Qd6 25. Qc1 f6 26. h3
Qc6 27. Qg1 Bxh3 28. Kh2 Be6 29. Qf2 Qd6+ 30. Kh1 Kf7 31. Qf3 Qd2 32. Bxf6 Bd5
33. Bc3+ Bxf3 34. Bxd2 Bg4 35. Kg1 Ke6 36. Kf2 Kf5 37. Ke3 e5 38. Bc3 h5 39. g3
Bd1 40. b4 e4 41. a3 Bf3 42. a4 Kg4 43. Be5 g5 44. Kf2 h4 45. gxh4 gxh4 46. Ke3
Kf5 47. Bh2 Ke6 48. b5 axb5 49. axb5 Kd5 50. Bc7 Kc5 51. b6 h3 52. Kf2 h2 53.
Bxh2 Kxb6 54. Be5 Kb5 55. Ke3 Kc4 56. Bh8 b5 57. Bg7 Kb3 58. Bd4 b4 59. Ba1 Kc2
60. Bh8 b3 61. Bg7 b2 62. Bxb2 Kxb2 63. Kd2 Kb3 64. Ke3 Kc3 65. Kf2 Kd2 66. Kg3
e3 67. Kxf3 e2 68. Ke4 e1=Q+ 69. Kf3 Qe3+ 70. Kg4 Qf2 71. Kg5 Ke3 72. Kg4 Qf4+
73. Kh5 Qg3 74. Kh6 Kf4 75. Kh7 Kf5 76. Kh6 Qg6# 0-1

[Event "Chigorin Memorial"]
[Site "St Petersburg"]
[Date "2016.10.17"]
[Round "3.176"]
[White "Kirianova, Evgeniia"]
[Black "Matchenya, Ivan"]
[Result "0-1"]
[WhiteElo "1219"]
[BlackElo "1812"]
[PlyCount "100"]
[EventDate "2016.10.15"]
[EventType "swiss"]
[EventRounds "9"]
[EventCountry "RUS"]

1. c4 Nc6 2. g3 e5 3. Bg2 f5 4. Nc3 Bc5 5. e3 Nf6 6. Nge2 d6 7. O-O O-O 8. d4
Bb6 9. a3 a5 10. b3 Qe8 11. Bb2 Bd7 12. Nd5 Nxd5 13. Bxd5+ Kh8 14. Rc1 Qe7 15.
a4 Nd8 16. Ba3 c6 17. dxe5 Qxe5 18. Bg2 Bc7 19. Nf4 Nf7 20. Qh5 Qf6 21. Bb2 Ne5
22. e4 Rae8 23. Nd3 Qe7 24. Nf4 Rf6 25. exf5 Rxf5 26. Qe2 Qf7 27. Bh3 Rxf4 28.
gxf4 Bxh3 29. Qe3 Qg6+ 30. Qg3 Nf3+ 31. Kh1 Qxg3 32. hxg3 Bxf1 33. Rxf1 Re1 34.
Rxe1 Nxe1 35. Kg1 Nd3 36. Bc3 Nc5 37. b4 Nxa4 38. Bd2 axb4 39. Bxb4 c5 40. Bxc5
dxc5 41. f5 Nb6 42. f6 gxf6 43. g4 Nxc4 44. g5 fxg5 45. f4 gxf4 46. Kh2 f3+ 47.
Kg1 Bg3 48. Kh1 Ne3 49. Kg1 f2+ 50. Kh1 f1=Q# 0-1

[Event "Chigorin Memorial"]
[Site "St Petersburg"]
[Date "2016.10.17"]
[Round "3.177"]
[White "Kuznetsov, Mikhail"]
[Black "Riakhovskii, Mark"]
[Result "1-0"]
[WhiteElo "1801"]
[BlackElo "1370"]
[PlyCount "73"]
[EventDate "2016.10.15"]
[EventType "swiss"]
[EventRounds "9"]
[EventCountry "RUS"]

1. Nf3 d5 2. d4 e6 3. c4 Nf6 4. Nc3 Be7 5. Bg5 O-O 6. e3 h6 7. Bh4 b6 8. Bd3
Bb7 9. O-O c5 10. Rc1 Ne4 11. Bxe7 Qxe7 12. Qc2 Nd6 13. cxd5 c4 14. Bh7+ Kh8
15. Ne5 exd5 16. Bf5 Na6 17. Bg4 Nc7 18. f4 Nce8 19. Bf3 Nf6 20. g4 g5 21. fxg5
hxg5 22. Qg6 Nfe4 23. Bxe4 dxe4 24. Qh6+ Kg8 25. Rf6 Ne8 26. Qxg5+ Ng7 27. Rcf1
Rad8 28. Qh6 Ne8 29. R6f5 Ng7 30. R5f4 Rd6 31. Qh3 Ne6 32. Rxf7 Ng5 33. Rxf8+
Qxf8 34. Rxf8+ Kxf8 35. Qh8+ Ke7 36. Qg7+ Ke8 37. Qxg5 1-0

[Event "Chigorin Memorial"]
[Site "St Petersburg"]
[Date "2016.10.17"]
[Round "3.179"]
[White "Seregina, Maria"]
[Black "Lantseva, Aleksandra"]
[Result "1-0"]
[WhiteElo "1797"]
[BlackElo "1359"]
[PlyCount "55"]
[EventDate "2016.10.15"]
[EventType "swiss"]
[EventRounds "9"]
[EventCountry "RUS"]

1. d4 d5 2. c4 e6 3. Nc3 Nf6 4. cxd5 exd5 5. Bg5 Be7 6. e3 Nbd7 7. Nf3 O-O 8.
Bd3 b6 9. a3 Bb7 10. Qc2 h6 11. Bh4 Rc8 12. Bf5 c5 13. Ne5 cxd4 14. exd4 Re8
15. O-O Rc7 16. Bxf6 Nxf6 17. Rfe1 Bd6 18. Qd3 Rce7 19. Nf3 Rxe1+ 20. Rxe1
Rxe1+ 21. Nxe1 Qe7 22. Nf3 Ne4 23. Nb5 Ba6 24. Qb3 Nd2 25. Nxd2 Qe1+ 26. Nf1
Bxh2+ 27. Kxh2 Qxf1 28. Qxd5 1-0

[Event "Chigorin Memorial"]
[Site "St Petersburg"]
[Date "2016.10.17"]
[Round "3.181"]
[White "Levi, Netanel"]
[Black "Timofeev, Vsevolod"]
[Result "1-0"]
[WhiteElo "1789"]
[BlackElo "1301"]
[PlyCount "121"]
[EventDate "2016.10.15"]
[EventType "swiss"]
[EventRounds "9"]
[EventCountry "RUS"]

1. e4 e5 2. Nf3 Nc6 3. d4 exd4 4. Bc4 Bc5 5. O-O d6 6. c3 dxc3 7. Nxc3 Bg4 8.
Qb3 Qd7 9. Bxf7+ Kf8 10. Bxg8 Bxf3 11. Be6 Qe8 12. Qd5 Nd4 13. gxf3 Nxe6 14.
Qf5+ Qf7 15. Qxf7+ Kxf7 16. Be3 Bb6 17. Rac1 Rhf8 18. Nd5 c5 19. Nxb6 axb6 20.
a3 Kg8 21. Rfd1 Rad8 22. Kg2 Nc7 23. Rc3 Rd7 24. Rcd3 Ne8 25. e5 h6 26. h4 Rf5
27. exd6 Rf6 28. Kg3 Rfxd6 29. Rxd6 Rxd6 30. Rxd6 Nxd6 31. Bd2 Nc4 32. Bc3 Kf7
33. h5 Na5 34. Kf4 g6 35. Kg4 Nc6 36. a4 Nd4 37. Bd2 Kg7 38. Bf4 g5 39. Bc7 b5
40. a5 c4 41. Be5+ Kf7 42. Bxd4 b4 43. f4 Ke6 44. fxg5 Kd5 45. gxh6 Kxd4 46. h7
c3 47. h8=Q+ Kd3 48. bxc3 bxc3 49. Qh7+ Kd2 50. Qxb7 c2 51. Qc6 c1=Q 52. Qxc1+
Kxc1 53. h6 Kc2 54. h7 Kc3 55. a6 Kd4 56. a7 Kd5 57. a8=Q+ Kd4 58. h8=Q+ Kc4
59. Qc6+ Kd3 60. Qd8+ Ke2 61. Qe4+ 1-0

[Event "Chigorin Memorial"]
[Site "St Petersburg"]
[Date "2016.10.17"]
[Round "3.182"]
[White "Shadunts, Kirill"]
[Black "Maltsevskaya, Anna"]
[Result "1-0"]
[WhiteElo "1787"]
[BlackElo "1243"]
[PlyCount "141"]
[EventDate "2016.10.15"]
[EventType "swiss"]
[EventRounds "9"]
[EventCountry "RUS"]

1. d4 d5 2. c4 e6 3. Nc3 c5 4. e3 Nf6 5. Nf3 Nc6 6. dxc5 Bxc5 7. cxd5 exd5 8.
Bb5 Bf5 9. a3 O-O 10. b4 Bb6 11. O-O a6 12. Ba4 Re8 13. Qb3 Be6 14. Rd1 d4 15.
Qc2 Bg4 16. Ne2 Bxf3 17. gxf3 Qd5 18. Bxc6 bxc6 19. Nxd4 Bxd4 20. Rxd4 Qxf3 21.
Rf4 Qh5 22. Bb2 Ng4 23. Qf5 Qxf5 24. Rxf5 Nh6 25. Rc5 Re6 26. Rac1 Rc8 27. a4
f6 28. b5 axb5 29. axb5 Nf7 30. Rxc6 Rexc6 31. Rxc6 Rb8 32. b6 Nd8 33. Rd6 Kf7
34. Rd7+ Kf8 35. Ba3+ Kg8 36. Bd6 Rxb6 37. Rxd8+ Kf7 38. Bg3 Rb1+ 39. Kg2 g5
40. Rd7+ Kg6 41. Rd6 h5 42. Be5 Kf5 43. Bxf6 Rb4 44. Bd4 g4 45. Rd5+ Kg6 46.
Kg3 Rc4 47. Rc5 Ra4 48. Be5 Ra3 49. Kh4 Kh7 50. Rc6 Kg8 51. Rc7 Rb3 52. Kxh5
Rb4 53. Rg7+ Kf8 54. Bd6+ Ke8 55. Bxb4 g3 56. hxg3 Kd8 57. f4 Ke8 58. e4 Kd8
59. g4 Ke8 60. e5 Kd8 61. f5 Kc8 62. g5 Kd8 63. e6 Ke8 64. f6 Kd8 65. g6 Kc8
66. Ra7 Kd8 67. f7 Kc8 68. g7 Kb8 69. Bc5 Kc8 70. e7 Kb8 71. Bb6 1-0

[Event "Chigorin Memorial"]
[Site "St Petersburg"]
[Date "2016.10.17"]
[Round "3.183"]
[White "Kvachko, Anastasiya"]
[Black "Kurbanov, Sergey"]
[Result "0-1"]
[WhiteElo "1780"]
[BlackElo "1198"]
[PlyCount "86"]
[EventDate "2016.10.15"]
[EventType "swiss"]
[EventRounds "9"]
[EventCountry "RUS"]

1. e4 e6 2. d4 d5 3. Nd2 dxe4 4. Nxe4 b6 5. Nf3 Bb7 6. Bd3 Nd7 7. Bg5 Be7 8.
Bxe7 Qxe7 9. O-O Ngf6 10. Qe2 a5 11. Rfd1 Rd8 12. Ne5 Nxe5 13. dxe5 Nxe4 14.
Bxe4 Bxe4 15. Qxe4 O-O 16. g3 Rxd1+ 17. Rxd1 f6 18. Re1 f5 19. Qe2 Rd8 20. Rd1
g6 21. c3 Rd7 22. Kg2 Qd8 23. Rxd7 Qxd7 24. Qc4 Kf7 25. Kh3 g5 26. g4 f4 27.
Qe4 Kg7 28. Qd4 Qd5 29. Qxd5 exd5 30. a4 Kf7 31. Kg2 Ke6 32. h4 h6 33. hxg5
hxg5 34. f3 Kxe5 35. Kf2 c6 36. Ke2 b5 37. Kd3 bxa4 38. Kc2 d4 39. Kd3 dxc3 40.
Kxc3 Kd5 41. Kd3 c5 42. Kc3 c4 43. Kd2 Kd4 0-1